000 01473nam a2200337 a 4500
001 BRCA_3106
005 20190320204120.0
008 280109s1845----fr-a---###---#000-0dfre-u
041 _afre
044 _afr
084 _a410
_b.D83
_c1845
100 1 _aCervantes Saavedra, Miguel de
_d1547-1616
_9213
245 1 0 _aL´Ingénieux Hidalgo Don Quichotte de la Manche
_cpar Miguel de Cervantes Saavedra.
260 _aParís
_bJ.J. Dubochet
_c1845
300 _axvi, 888 p.
_bil.
_c27 cm.
500 _aContenido : Primera parte. Noticia sobre la vida y obra de Cervantes por Viardot. Prólogo del autor. Texto. Segunda parte. Prólogo del autor. Texto
500 _aEdición : Traduit et annoté par Louis Viardot. Vignettes de Tony Johannot
500 _aEjemplar por completo igual al LO-409. Tela; lomo y planos adornados con motivos quijotiles dorados Lúdovik Osterc
500 _aEstado físico : La edición presenta la cubierta desprendida
500 _aQM334
546 _aTexto en : francés
650 1 4 _aNovela española
_yÉpoca clásica, 1500-1700
_9215
650 1 4 _aLiteratura española
_yÉpoca clásica, 1500-1700
_9216
650 1 4 _aNovela española
_ySiglo XVII
_9217
650 1 4 _aDon Quijote (Personaje ficticio)
_eNovela
_9218
700 1 _aViardot, Louis
_d1800-1883
_eTraductor
_98458
700 1 _aJohannot, Tony
_d1803-1852
_eIlustrador
_98459
740 0 _aEl Ingenioso Hidalgo Don Quijote de la Mancha
902 _aQFM
942 _2lcc
_cB
999 _c2842
_d2842